Gaming Quiz

Random Gaming Quiz
Score 0/123 Timer 10:00
0 Plays Today
Hint Answer % Correct
B-Class SprintWest Park & Lyons
86.7%
B-Class SprintRosewood & Lyons
80%
SprintChinatown Delivery Reverse/Reverse Track #08
73.3%
CircuitDowntown Challenge
73.3%
CircuitHastings
73.3%
SprintWelcome to Palmont
73.3%
CircuitLunar Circuit
73.3%
SprintConstruction Route
66.7%
SprintOld Quarter
66.7%
SprintPetersburg Dam
66.7%
SprintRosewood Rally
66.7%
SprintRosewood Rally Reverse
66.7%
B-Class SprintWest Park & Forest
66.7%
E-Class Team EscapeAll In
66.7%
E-Class CircuitAgostini Avenue
60%
C-Class SprintCamden & Route 55
60%
E-Class CircuitCamden Hills
60%
B-Class CircuitCamden Tunnel
60%
SprintChinatown Delivery
60%
CircuitMain Street
60%
D-Class SprintMission Street
60%
C-Class SprintStarlight Street
60%
A-Class Team EscapeLate Departure
60%
SprintWelcome to Oktoberfest
60%
CircuitDover Street
53.3%
A-Class SprintIronhorse & Coast
53.3%
SprintLincoln Boulevard
53.3%
E-Class CircuitLucky Towers
53.3%
SprintMason Street
53.3%
CircuitNorth Road
53.3%
C-Class CircuitOil Refinery
53.3%
A-Class CircuitRosewood College
53.3%
S-Class CircuitRosewood Park Loop
53.3%
E-Class CircuitSkyline Avenue
53.3%
Team EscapeUnderground
53.3%
A-Class SprintBoundary & Marina
46.7%
D-Class CircuitBrooks Street
46.7%
A-Class SprintChancellor & Campus
46.7%
S-Class SprintDiamond & Union
46.7%
SprintHeritage & Campus
46.7%
S-Class SprintHeritage & Diamond
46.7%
Hint Answer % Correct
CircuitHeritage Heights
46.7%
SprintHWY 99 & State Reverse/Reverse Track #05
46.7%
SprintHome for the Holidays
46.7%
SprintGhostwood
46.7%
SprintLincoln Boulevard Reverse/Reverse Track #02
46.7%
SprintLyons & HWY 201 Reverse/Reverse Track #07
46.7%
E-Class SprintNorth Bellezza
46.7%
SprintOld Quarter Reverse/Reverse Track #04
46.7%
SprintPetersburg Dam Reverse/Reverse Track #06
46.7%
C-Class SprintRockridge & Union
46.7%
C-Class CircuitSavannah Street
46.7%
CircuitSilk Road
46.7%
C-Class CircuitUniversity Way
46.7%
A-Class CircuitWaterfront
46.7%
SprintWelcome to Palmont Reverse/Reverse Track #03
46.7%
E-Class CircuitYork Road
46.7%
Pursuit OutrunPalmont Pursuit
46.7%
Team EscapeHigh Stakes
46.7%
D-Class Team EscapeOutlaws
46.7%
D-Class CircuitBeachfront
40%
A-Class SprintBeacon & Station
40%
D-Class SprintBlackwell Bridge
40%
CircuitCondo Row
40%
B-Class SprintDover and Lepus
40%
D-Class CircuitFinancial District
40%
CircuitGarden Boulevard
40%
SprintHWY 99 & State
40%
B-Class CircuitKempton Docks
40%
SprintNorth Bay & Harbour
40%
S-Class CircuitPark Boundary
40%
CircuitRosewood Central
40%
SprintSeaside Interchange
40%
B-Class SprintSilverton Way
40%
SprintSpade Street
40%
S-Class SprintStadium & HWY 99
40%
Pursuit OutrunKempton Pursuit
40%
S-Class Team EscapeMost Wanted
40%
B-Class Team EscapeCompromised
40%
C-Class Team EscapeHome Run
40%
DragBurrows
33.3%
S-Class SprintBristol & Diamond
33.3%
Hint Answer % Correct
B-Class CircuitCentral Coast
33.3%
A-Class CircuitCountry Club
33.3%
C-Class SprintEagle Drive
33.3%
SprintLyons & HWY 201
33.3%
CircuitOcean View
33.3%
SprintVerona Tunnel
33.3%
Pursuit OutrunCamden Pursuit
33.3%
Pursuit OutrunFortuna Pursuit
33.3%
Pursuit OutrunRockport Resistance
33.3%
SprintBristol & Bayshore
26.7%
B-Class CircuitCampbell Tunnel
26.7%
S-Class CircuitCampus Interchange
26.7%
C-Class SprintClubhouse & Hollis
26.7%
A-Class DragDownturn
26.7%
SprintLion's Challenge
26.7%
DragLoop
26.7%
CircuitParadise Hotel
26.7%
E-Class SprintStadium & Chase
26.7%
E-Class SprintStadium & HWY 1
26.7%
D-Class SprintState & Warrent
26.7%
SprintValley & State
26.7%
D-Class SprintWaterfront Road
26.7%
Pursuit OutrunRosewood Raid
26.7%
Pursuit OutrunSilverton Showdown
26.7%
CircuitTop Gear Challenge
26.7%
S-Class CircuitCollege Asylum
20%
C-Class CircuitCollege Mall
20%
C-Class CircuitLittle Italy
20%
E-Class CircuitNorth Broadway
20%
S-Class SprintRiverfront & Green
20%
DragRockport Turnpike
20%
B-Class CircuitRoute 55
20%
DragSkirmish
20%
DragSpeed Fair
20%
DragBreaking Point
13.3%
A-Class CircuitGray Point
13.3%
A-Class SprintStation & Fisher
13.3%
SprintUnion & Hollis
13.3%
DragGridlock
6.7%
S-Class DragRunway
6.7%
D-Class SprintChinatown Tram|Chinatown
0%
Remove Ads.
Support Sporcle.
Get the best of Sporcle when you Go Orange. This ad-free experience offers more features, more stats, and more fun while also helping to support Sporcle. Thank you for becoming a member.

You're not logged in!

Compare scores with friends on all Sporcle quizzes.
OR
Log In

Show Comments

Extras

Top Quizzes Today


Score Distribution

Your Account Isn't Verified!

In order to create a playlist on Sporcle, you need to verify the email address you used during registration. Go to your Sporcle Settings to finish the process.

Report this User

Report this user for behavior that violates our Community Guidelines.

Details: